| 000 | 00602nam a22002177a 4500 | ||
|---|---|---|---|
| 003 | OSt | ||
| 005 | 20150326151739.0 | ||
| 008 | 150326b xxu||||| |||| 00| 0 eng d | ||
| 020 | _a9780071326414 | ||
| 040 | _cDNLM | ||
| 082 |
_aQX4 R541g 2013 _bP |
||
| 100 |
_aRoberts Larry O. _93374 |
||
| 245 | _aGerald D. Schmidt & Larry S. Roberts' foundations of parasitology | ||
| 250 | _a9th ed. | ||
| 260 |
_aNew York; _bMcgraw-hill, _c2013 |
||
| 300 |
_axvii,670p; _bill _c28cm |
||
| 504 | _aGlossary & index included | ||
| 650 |
_aPasitology _93375 |
||
| 700 |
_aJanovy John _93376 |
||
| 942 |
_2z _cO_SHELF |
||
| 999 |
_c1261 _d1261 |
||